| 000 | 00654nam a2200205 a 4500 | ||
|---|---|---|---|
| 001 | 000031714 | ||
| 003 | OSt | ||
| 005 | 20201005100134.0 | ||
| 008 | 110630s1957 cau r 000 | spa d | ||
| 040 |
_aDO-SdBNP _bspa _cBNPHU |
||
| 082 | 4 |
_a335.43098 _bM938c |
|
| 100 | 1 |
_aMoya Alonzo, Manuel de _957980 |
|
| 245 | 1 | 0 |
_aCommunism in the caribbean : _ban address / _cManuel de Moya Alonzo. |
| 260 |
_aSan Francisco, California : _bCommonwealth Club of California, _c1957. |
||
| 300 |
_a19 p. ; _c22 cm. |
||
| 590 | _aInventariado, 2018/ YL | ||
| 650 | 4 |
_aComunismo _zCaribe, Región _976736 |
|
| 910 | _aValidao. Control de calidad MFF | ||
| 942 |
_2ddc _cLF1 |
||
| 999 |
_c31206 _d31206 |
||